Life's Quest : (Record no. 206864)

MARC details
000 -LEADER
fixed length control field 00640nam a22002057a 4500
005 - DATE AND TIME OF LATEST TRANSACTION
control field 20241029144415.0
010 ## - LCCN (DPL NO)
LC control number ENG-142545
020 ## - INTERNATIONAL STANDARD BOOK NUMBER
International Standard Book Number 9789380727035
Terms of availability 200.00
035 ## - SYSTEM CONTROL NUMBER
System control number EN-126077
037 ## - SOURCE OF ACQUISITION
Source of stock number/acquisition DBAD/PUB
082 ## - DEWEY DECIMAL CLASSIFICATION NUMBER
Classification number 230.34
100 ## - MAIN ENTRY--PERSONAL NAME
Personal name Nidhi,Sadhvi
245 ## - TITLE STATEMENT
Title Life's Quest :
Statement of responsibility, etc by Sadhvi Nidhi
Remainder of title Journey of the Soul
250 ## - EDITION STATEMENT
Edition statement 1
260 ## - PUBLICATION, DISTRIBUTION, ETC. (IMPRINT)
Place of publication, distribution, etc New Delhi
Name of publisher, distributor, etc Maitri Charitable Foundation
Date of publication, distribution, etc 2010
270 ## - ADDRESS
Address B 117 Okhla Industrial Area, Phase 1
City new Delhi
Telephone number 91-9313093444
Postal code 110021
300 ## - PHYSICAL DESCRIPTION
Extent 172p.
Dimensions 21 cm(pbk)
700 ## - ADDED ENTRY--PERSONAL NAME
Personal name Sadhvi Kripa
Relator term co- author
9 (RLIN) 73644
942 ## - ADDED ENTRY ELEMENTS (KOHA)
Source of classification or shelving scheme Dewey Decimal Classification
Item type English Books
Classification part 230.34
Call number suffix NID
Edition 1
Holdings
Withdrawn status Lost status Not for loan Collection code Home library Current library Date acquired Source of acquisition Cost, normal purchase price Full call number Barcode Copy number Cost, replacement price Koha item type
      Non-fiction Bawana Bawana 29/10/2024 DBAD 200.00 230.34 NID EN-126077 1 200.00 English Books

© Delhi Public Library
Hit Counter
free hit counter